| 000 | 01062nam a2200301Ia 4500 | ||
|---|---|---|---|
| 003 | OSt | ||
| 005 | 20221007123502.0 | ||
| 006 | a|||||r|||| 00| 0 | ||
| 007 | ta | ||
| 008 | 221006b |||||||| |||| 00| 0 eng d | ||
| 020 |
_a0070540861 (pbk) _c395.00 |
||
| 024 | _a12405 | ||
| 037 |
_bIN-00056, 01/09/2004, N R Book Distributors _cTextual |
||
| 040 |
_aPAPL _cPAPL _beng |
||
| 041 |
_2eng _aeng |
||
| 082 | _aD65, P3 Carpa | ||
| 100 |
_aGrob Bernard _9498959 |
||
| 245 | 0 |
_aBasic electronics _b Schultz Mitchel E |
|
| 250 | _a9 | ||
| 260 |
_aNew _bDelhi Tata McGraw-Hill Publishing Company Limited _c2003 |
||
| 300 |
_axi,1060p. _ccm. |
||
| 500 | _aIncludes bibliographical references.; Appendix A-D, 1003-1028p.; Glossary 1029-1035p.; Index 1051-1060p. | ||
| 650 |
_a Circuits _9473600 |
||
| 650 |
_aElectronic Circuit _9717289 |
||
| 700 |
_a Schultz Mitchel E _9481013 |
||
| 942 |
_hD65, P3 Carpa _cTEXL _2CC |
||
| 999 |
_c1211969 _d1211969 |
||